000 00288nam a2200121Ia 4500
008 241002s9999 xx 000 0 und d
082 _a973 KEI
100 _aKeith, W. Olson
245 3 _aAn outline of American History
260 _aWashington:
_c1985
600 _aHistory
942 _cUC
999 _c19000
_d19000